| 000 | 00859nam a22002897a 4500 | ||
|---|---|---|---|
| 003 | CHAP | ||
| 005 | 20220329141621.0 | ||
| 008 | 971013s1992 r 00010 d | ||
| 010 | _a71080 | ||
| 011 | _a72052 | ||
| 035 | _a81606 | ||
| 040 | _cCHAP | ||
| 090 | _aFolleto 13056 | ||
| 100 | 0 | 0 |
_aPrieto Ruiz, José Angel. _991615 |
| 245 | _aGuía básica de la reforestación | ||
| 260 |
_aChapingo, Méx. : _bUACH, _c1992 |
||
| 300 |
_a74 p. _b: ilus. |
||
| 590 |
_aBATCH-UPD _b10 _c20130110 _lUCH01 _h1820 |
||
| 590 |
_aBATCH-UPD _b10 _c20130410 _lUCH01 _h1154 |
||
| 590 |
_aBATCH-UPD _b10 _c20130914 _lUCH01 _h1936 |
||
| 590 |
_aCONVERSION _b10 _c20130109 _lUCH01 _h1339 |
||
| 650 | 1 | 4 |
_aReforestación. _995474 |
| 700 | 0 |
_aSánchez Vélez, Alejandro S. _9107932 |
|
| 901 | _aBK | ||
| 942 | _cFOLL | ||
| 949 |
_aFolleto 13056 _bBC _cUACH _d-35112 _eUACH _i81606 _si |
||
| 999 |
_c71080 _d71080 |
||